| 000 | 01230naa a2200325 c 4500 | ||
|---|---|---|---|
| 001 | 32428 | ||
| 003 | ES-MaCES | ||
| 005 | 20020617100300.0 | ||
| 008 | 011018n2001 sp ||| | spa d | ||
| 035 | _aCES20010004486v | ||
| 040 |
_aES-MaCES _bspa _cES-MaCES |
||
| 100 | 1 |
_aRey Guanter, Salvador del _921969 |
|
| 245 | 1 | 3 |
_aLa naturaleza jurídica de las stock options _b: a propósito de la Sentencia del Tribunal Superior _cSalvador del Rey Guanter y Juan Bonilla Blasco |
| 650 | 4 |
_acomentario _928971 |
|
| 650 | 4 |
_asentencia judicial _929888 |
|
| 650 | 4 |
_aderecho mercantil _927157 |
|
| 650 | 4 |
_aderecho del trabajo _927165 |
|
| 650 | 4 |
_arégimen jurídico _929894 |
|
| 650 | 4 |
_aEspaña _926964 |
|
| 650 | 4 |
_asistema de remuneración _928390 |
|
| 650 | 4 |
_aparticipación en los beneficios _928385 |
|
| 650 | 4 |
_aparticipación obrera por acciones _928394 |
|
| 650 | 4 |
_aacción _928155 |
|
| 653 | 1 | 0 | _aDerecho del trabajo y Seguridad Social |
| 700 | 1 |
_aBonilla Blasco, Juan _98040 |
|
| 773 | 0 |
_tActualidad laboral _gn. 31 (27 ag.-2 sept. 2001){10002 R. 043790}; p. 637-658 _w(ES-MaCES)25022 _929052 |
|
| 902 | _aART Artículo de revista | ||
| 942 |
_2CES _cAR _h6.0.1. |
||
| 999 |
_c32428 _d32428 |
||